000 00529nam a22001457a 4500
008 140130b xxu||||| |||| 00| 0 eng d
020 _a0-13-203986-0
050 _aBX1406.2.D45
100 _aDevine, George
_97416
245 _aAmerican Catholicism
_bwhere do we go from here?
_cGeorge Devine
260 _aNew Jersey
_bPrentice Hall
_c1941-
300 _aix, 117p. ;
_c23cm.
650 _aChatholic Church in the United States
_xCatholic Church- Doctrinal and controversial works-Catholic authors
_97417
942 _2lcc
_cMONOGRAPH
999 _c119796
_d119796